000 00439nam a2200181Ia 4500
001 12983
005 20260306163020.0
008 260306t1996||||xx |||||||||||||| ||spa||
041 _aESP
082 _aRD 510.3
_bN54
100 _aNichols, Eugene D.
_eAUT
245 0 _aDiccionario y manual de matemáticas
260 _c1996
300 _avi, 461 páginas :
_c21 cm.
650 _aGEN
654 _aCMA
942 _cDIC
_dJUS
_fJUS
_2ddc
_n
999 _c12983
_d12983